000 005610000a22001810004500
003 MACL
005 20160319120607.0
008 160319b xxu||||| |||| 00| 0 eng d
040 _aMACL
_cMACL
041 _aHindi
082 _a900
100 _aत्रिवेद डाक्‍टर देवसहाय
_947324
245 _aप्राड़मौर्य बिहार
260 _bबिहार राष्‍ट्रभाषा परिषद
_aपटना
350 _a6
650 _aHistory
_947325
942 _cHIN
_k900
_2ddc
999 _c23702
_d23702